Διοίκηση παράκτιων & θαλάσσιων βιομηχανιών : (sectors' economic management)
Αποθηκεύτηκε σε:
| Κύριος συγγραφέας: | |
|---|---|
| Μορφή: | Βιβλίο |
| Γλώσσα: | Greek |
| Δημοσίευση: |
Αθήνα :
Α. Σταμούλης,
1997
|
| Θέματα: | |
| Ετικέτες: |
Προσθήκη ετικέτας
Δεν υπάρχουν, Καταχωρήστε ετικέτα πρώτοι!
|
MARC
| LEADER | 00000cam a2200000 i 4500 | ||
|---|---|---|---|
| 001 | 1/11068 | ||
| 008 | 000908s1997 gre d | ||
| 020 | |a 960351103X | ||
| 035 | |l 10063692 | ||
| 040 | |a GR-MY-UA |b gre |e aacr | ||
| 041 | 0 | |a gre | |
| 082 | 0 | |a 338.6068 | |
| 100 | 1 | |a Γουλιέλμος, Αλέξανδρος Μ., |d 1941- | |
| 245 | 1 | 0 | |a Διοίκηση παράκτιων & θαλάσσιων βιομηχανιών : |b (sectors' economic management) / |c Α. Μ. Γουλιέλμος |
| 260 | |a Αθήνα : |b Α. Σταμούλης, |c 1997 | ||
| 300 | |a 352 σ.; |c 24 cm | ||
| 500 | |a Ελλειπές τεύχος | ||
| 504 | |a Περιέχει βιβλιογραφία | ||
| 650 | 0 | 0 | |a Shipping |x Management. |
| 650 | 0 | 0 | |a Shipbuilding industry. |
| 650 | 0 | 0 | |a Fishery management. |
| 852 | |a INST |b CHIOS |e 20000908 |h 338.6068 ΓΟΥ |p 005200017971 |q 005200017971 |t BK |y 0 | ||
| 852 | |a INST |b CHIOS |e 20010228 |h 338.6068 ΓΟΥ |p 005200021306 |q 005200021306 |t BK |y 0 | ||
| 852 | |a INST |b LESVOS |c EUDOXUS |e 20141218 |h 338.6068 ΓΟΥ |p 005100055926 |q 005100055926 |t EDX |y 0 | ||
| 901 | |a BIBL2-2000-3 | ||
| 901 | |a BIBL2-2001-1 | ||
| 901 | |a BIBL1-2014-3 | ||
| 909 | |a Χ |b 075864 | ||
| 909 | |a Χ |b 083497 | ||
| 909 | |a Λ |b 191361 | ||
| 920 | |a ΕΥΔΟΞΟΣ |b ΠΑΡΑΓΓΕΛΙΑ |y ΛΕΣΒΟΣ-ΤΕΘ |z 2014-11 | ||
| 970 | |z 2000/09/LITSA | ||